Представление документа в формате MARC21

ПолеНазваниеЗначение
  Тип записи a
  Библиографический уровень m
001 Контрольный номер RU\infra-m\znanium\bibl\2212396
005 Дата корректировки 20260429142252.4
008 Кодируемые данные 251001s2025 RU g rus u
020 Индекс ISBN __
a ISBN 978-5-16-021500-6
020 Индекс ISBN __
a ISBN 978-5-16-104421-6 (электр. издание)
040 Источник каталогиз. __
a Служба первич. каталог. Общество с ограниченной ответственностью «ЗНАНИУМ»
041 Код языка издания __
a Код языка текста rus
044 Код страны публикации __
a Код страны публикации RU
080 Индекс УДК __
a Индекс УДК 621(075.8)
084 Индекс другой классификации/Индекс ББК __
2 Источник индекса rubbk
a Индекс другой классификации/Индекс ББК 34.5я73
084 Индекс другой классификации/Индекс ББК __
2 Источник индекса okso
a Индекс другой классификации/Индекс ББК 15.03.01
084 Индекс другой классификации/Индекс ББК __
2 Источник индекса okso
a Индекс другой классификации/Индекс ББК 15.03.04
084 Индекс другой классификации/Индекс ББК __
2 Источник индекса okso
a Индекс другой классификации/Индекс ББК 15.03.05
084 Индекс другой классификации/Индекс ББК __
2 Источник индекса okso
a Индекс другой классификации/Индекс ББК 15.04.01
084 Индекс другой классификации/Индекс ББК __
2 Источник индекса okso
a Индекс другой классификации/Индекс ББК 15.04.04
084 Индекс другой классификации/Индекс ББК __
2 Источник индекса okso
a Индекс другой классификации/Индекс ББК 15.04.05
100 Автор __
a Автор Клепиков В.В.
q Полное имя Клепиков Виктор Валентинович
u Дополнение Московский политехнический университет
245 Заглавие __
a Заглавие Основы технологии машиностроения
b Продолж. заглавия Учебник
c Ответственность Московский политехнический университет; Московский государственный технологический университет "Станкин"
250 Сведения об издании __
a Основные сведения об издании 1
260 Выходные данные __
a Место издания Москва
b Издательство ООО "Научно-издательский центр ИНФРА-М"
c Дата издания 2026
300 Физическое описание __
a Объем 295 с.
440 Серия __
a Серия Высшее образование
520 Аннотация __
a Аннотация В учебнике изложены основные положения и теоретические основы технологии машиностроения; раскрыты проблемы обеспечения качества и производительности производства изделий и приведены оптимальные решения технологических задач; показаны методики расчета погрешностей механической обработки; представлены основы разработки перспективных технологических процессов; приведены общие рекомендации по повышению качества обработки и примеры разработки маршрута технологического процесса обработки изделий. Соответствует требованиям Федерального государственного образовательного стандарта высшего образования последнего поколения. Для студентов обучающихся по системе ИДО по специальности «Технология машиностроения» а также технологов и конструкторов машиностроительных предприятий.
521 Примеч. о цел. назн. __
a Примеч. о целев. назн. ВО - Бакалавриат
650 Тематические рубрики __
a Основная рубрика Промышленность. Энергетика
x Основная подрубрика Технология машиностроения
655 Указ. предметных рубрик (устаревшее) __
a Жанр/ форма (устаревшее) Учебник
700 Другие авторы __
a Другие авторы Султан-заде Н.М.
q Полное имя Султан-заде Назим Музаффарович
700 Другие авторы __
a Другие авторы Солдатов В.Ф.
q Полное имя Солдатов Валерий Федорович
u Дополнение Московский политехнический университет
700 Другие авторы __
a Другие авторы Схиртладзе А.Г.
q Полное имя Схиртладзе Александр Георгиевич
u Дополнение Московский государственный технологический университет "Станкин"
856 Электронный адрес документа 4_
a Имя сервера/домена znanium.ru
m Помощь ebs_support@infra-m.ru
n Местонахождение сервера НИЦ ИНФРА-М
u URL https://znanium.ru/catalog/document?id=470544
856 Электронный адрес документа 48
a Имя сервера/домена znanium.ru
d Путь /cover/2212
f Электронное имя 2212396.jpg
q Тип электронного формата image/jpeg
u URL https://znanium.ru/cover/2212/2212396.jpg
911 __
u 0030=https://znanium.ru/catalog/document?id=470544
911 __
u 712a=Московский государственный технологический университет "Станкин"